COBAR

Gorde:
Xehetasun bibliografikoak
Egile Nagusiak: Yuste Hernanz, Carlos (Egilea), Sanz Moriñigo, Luis María (Egilea)
Formatua: Liburua
Hizkuntza:gaztelania
Argitaratua: Madrid Ciencias de la Educación Preescolar y Especial 1991
Saila:Test y Psicodiagnóstico, 22
Gaiak:
Etiketak: Etiketa erantsi
Etiketarik gabe, Izan zaitez lehena erregistro honi etiketa jartzen!

MARC

LEADER 00000nam a2200000 a 4500
001 UCY5967
003 CL-VaPUC
008 950521e19910000SP |||||||||||||||||spa|d
082 0 4 |a 372.41  |b YUS  |2 21 
100 0 |a Yuste Hernanz, Carlos  |e author  |9 335464 
700 0 |a Sanz Moriñigo, Luis María  |e author  |9 335465 
245 1 0 |a COBAR 
246 1 0 |a Conceptos Básicos relacionantes: manual técnico 
300 |a 95 p 
942 |c BK 
945 |d 19950521 00:00:00  |a rbrito 
260 |a Madrid  |b Ciencias de la Educación Preescolar y Especial  |c 1991 
650 0 |a Enseñanza de la lectura  |9 308364 
650 0 |a Lectura  |9 307634 
650 7 |a PRUEBAS DE LECTURA  |2 CL-VaPUC  |9 335466 
650 7 |a CAPACIDAD PARA LA LECTURA  |2 CL-VaPUC  |9 335467 
583 |a last modification  |c 19950521 00:00:00  |k Rodrigo Vera 
490 0 |a Test y Psicodiagnóstico, 22 
999 |c 233564  |d 233562 
952 |0 0  |1 0  |4 0  |6 372_410000000000000_YUS_1991  |7 0  |8 R  |9 239171  |a BIBEDU  |b BIBEDU  |c MCIRC  |d 2019-11-18  |i 3085279  |o 372.41 YUS 1991  |p 3085279  |r 2023-01-13  |w 2019-11-18  |y BK_R  |k EPE